000 00625nam a2200277Ia 4500
005 20260324130332.0
008 008 260324s9999 xx 000 0 eng d
020 _a9780080465951
037 _aEBOOK
040 _aCRL
040 _beng
040 _cCRL
041 _2eng
041 _aeng
084 _qCRL
100 _aMark Simon
_91181384
245 0 _aStoryboards: Motion In Art
260 _bTaylor and Francis
260 _c2007
365 _a
365 _b295
856 _uhttp://www.taylorfrancis.com/books/9780080465951
942 _cEBOOK
999 _c1777476
_d1777476